Bhakshanam vasthram acharam/ (Record no. 181868)

000 -LEADER
fixed length control field 00406nam a22001697a 4500
020 ## - INTERNATIONAL STANDARD BOOK NUMBER
ISBN 9788196365622
082 ## - DEWEY DECIMAL CLASSIFICATION NUMBER
Classification number M 306
Item number MIN/B
100 ## - MAIN ENTRY--AUTHOR NAME
Personal name Mini S
245 ## - TITLE STATEMENT
Title Bhakshanam vasthram acharam/
Statement of responsibility, etc by Mini S
250 ## - EDITION STATEMENT
Edition statement 3rd ed.
260 ## - PUBLICATION, DISTRIBUTION, ETC. (IMPRINT)
Place of publication kozhikode:
Name of publisher Pavanatma Publishers,
Year of publication 2023.
300 ## - PHYSICAL DESCRIPTION
Number of Pages 191p.
650 ## - SUBJECT ADDED ENTRY--TOPICAL TERM
Topical Term Culture
650 ## - SUBJECT ADDED ENTRY--TOPICAL TERM
Topical Term Cultural Studies
650 ## - SUBJECT ADDED ENTRY--TOPICAL TERM
Topical Term Social Sciences
942 ## - ADDED ENTRY ELEMENTS (KOHA)
Koha item type Book
Holdings
Withdrawn status Lost status Damaged status Not for loan Permanent Location Current Location Shelving location Date acquired Cost, normal purchase price Full call number Accession Number Price effective from Koha item type
        Sree Sankaracharya University of Sanskrit Sree Sankaracharya University of Sanskrit Stacks 29.05.2026 380.00 M 306 MIN/B 108986 29.05.2026 Book